00237nam a2200097Ia 4500008004100000082001400041100001800055245003300073260001800106600001500124241002s9999 xx 000 0 und d a153.8 BIN aBindra Dalbin 0aMotivation selected readings aLondon:c1966 aPhilosophy